Normal view
MARC view
- الجامعات والكليات-الأردن-كتب سنوية-جامعة آل البيت
Entry Topical Term
001 - CONTROL NUMBER
- control field: 42704
003 - CONTROL NUMBER IDENTIFIER
- control field: JO-AjAnu
005 - DATE AND TIME OF LATEST TRANSACTION
- control field: 20230606081102.0
008 - FIXED-LENGTH DATA ELEMENTS
- fixed length control field: 230606|| aca||aabn | a|a d
040 ## - CATALOGING SOURCE
- Original cataloging agency: JO-AjAnu
- Transcribing agency: JO-AjAnu
150 ## - HEADING--TOPICAL TERM
- Topical term or geographic name entry element: الجامعات والكليات-الأردن-كتب سنوية-جامعة آل البيت
670 ## - SOURCE DATA FOUND
- Source citation: Work cat.: (JO-AjAnu)21873: جامعة آل البيت, author 42703, الكتاب السنوي لجامعة آل البيت 2011-2012